00864 a2200181 45000010006000000050017000060080041000230030015000640400040000790800104001192450075002232640051002983000019003495050257003680410008006251000020006337000029006534305720260407155715.0260407a1944 arg spa dAR-UNSa-BCEJYS aAR-UNSa-BCEJYSbspacAR-UNSa-BCEJYS a330.1xCiencia económica. Conceptos fundamentales de teoría económica. Valor. Capital. Fondos10aEnsayo sobre la naturaleza y significación de la ciencia económica 1aMéxico :bFondo de Cultura Económicac1944 a214 p.c21 cm. a1. Contenido de la economía - 2. Fines y medios - 3. Relatividad de las "magnitudes económicas" - 4. Naturaleza de las generalizaciones económicas - 5. Las generalizaciones económicas y la realidad - 6. Significación de la ciencia económica aspa1 aRobbins, Lionel1 aCosío Villegas, Daniel